00328nam a2200121Ia 4500008004100000041000800041082001200049100001900061245004500080260004200125300002800167365001100195240624s9999 xx 000 0 und d aeng a658 BLO aBLOCK THOMAS R aPROJECT OFFICE A KEY TO MANAGING PROJECT c2004aNew DelhibViva Books Pvt. Ltd. ax, : 83 : p. : cm. ; 22 cRSb33